000 00596nam a22001457a 4500
008 140828b xxu||||| |||| 00| 0 eng d
050 _aKD277.7.L39115
245 _aThe Law reports 1991:
_bQueen's bench division and on appeal therefrom in the court of appeal and decisions in the court of appeal criminal division and employment appeal tribunal. /
_cEdited by Carol Ellis and Bernard Agyeman
260 _aLondon:
_bButterworth & Co. Ltd,
_c1991.
300 _axi, 668p.:
_c24cm.
440 _pQueen's Bench Division.
800 _aEllis, Carol.
800 _aAgyeman,Bernard.
942 _2lcc
_cBK
999 _c3857
_d11357